Planets by pictures - Statistics

General Stats
  • This quiz has been taken 64 times
  • The average score is 4 of 8
Answer Stats
Picture Answer % Correct
Mars
76%
Mercury
63%
Venus
61%
Saturn
57%
Jupiter
54%
Earth
52%
Uranus
35%
Neptune
28%
No matching quizzes found
Score Distribution
Percent of People with Each Score
Percentile by Number Answered
Your Score History
You have not taken this quiz